00923nam a2200229 a 4500001001000000003000500010005001700015008004100032010001100073011001100084040000900095100003500104245015100139260004100290500006000331502009400391650003800485650002400523650003900547650003700586856007000623000116313CHAP20220329144610.0191129s2019 mx a |sm |||||||spa d a112774 a113746 cCHAP1 aGómez Díaz, José Rafael.10aAnálisis de la inversión extranjera directa y crecimiento económico en México (2008-2018)h[En línea]cpor José Rafael Gómez Díaz. aChapingo, Méx. :bEl autor,c2019. aPara ver el contenido del material haga clic en la liga aTesis (Licenciado en Economia) -- UACH. División de Ciencias Econommico-Administrativas14aDesarrollo económicozMéxico.14aFinanzasxMéxico.14aInversiones extranjerasxMéxico.14aMéxicoxRelaciones exteriores. aFinding aiduhttp://10.13.5.2/tesis/sist116313.pdfzTeclea aquí